Central Library OPAC University of Rajshahi

বাঙলা ও বাঙালীর বিবর্তন / (Record no. 47694)

MARC details
000 -LEADER
fixed length control field 00860nam a22002417a 4500
001 - CONTROL NUMBER
control field 47694
003 - CONTROL NUMBER IDENTIFIER
rucl marc code BD-RjUL
005 - DATE AND TIME OF LATEST TRANSACTION
control field 20211209054354.0
008 - FIXED-LENGTH DATA ELEMENTS--GENERAL INFORMATION
fixed length control field 160810s2001 ii ||||| |||| 00| 0 ben d
020 ## - INTERNATIONAL STANDARD BOOK NUMBER
International Standard Book Number 8186946721
Terms of availability : IRs 130.00
035 ## - SYSTEM CONTROL NUMBER
System control number (BD-RjUL)47813
040 ## - CATALOGING SOURCE
Original cataloging agency BD-RjUL
Language of cataloging ben
Transcribing agency BD-RjUL
041 ## - LANGUAGE CODE
Language code of text/sound track or separate title ben
082 ## - DEWEY DECIMAL CLASSIFICATION NUMBER
Edition number 23
Classification number 305.80954
Author mark and year SUB 2001
100 ## - MAIN ENTRY--PERSONAL NAME
Personal name সুর, অতুল
9 (RLIN) 124336
245 10 - TITLE STATEMENT
Title বাঙলা ও বাঙালীর বিবর্তন /
Statement of responsibility, etc. অতুল সুর
250 ## - EDITION STATEMENT
Edition statement ৩য় সং
260 ## - PUBLICATION, DISTRIBUTION, ETC. (IMPRINT)
Place of publication, distribution, etc. কলিকাতা :
Name of publisher, distributor, etc. সাহিত্যলোক,
Date of publication, distribution, etc. ২০০১
300 ## - PHYSICAL DESCRIPTION
Pagination ৪৩২ পৃ. :
Illustrations চিত্র ;
Size ২১ সেমি.
650 ## - SUBJECT ADDED ENTRY--TOPICAL TERM
Topical term or geographic name as entry element সাংস্কৃতিক চরিত্র-গঠন
9 (RLIN) 144891
Topical term or geographic name as entry element Cultural ethology
9 (RLIN) 189877
942 ## - ADDED ENTRY ELEMENTS (KOHA)
Source of classification or shelving scheme Dewey Decimal Classification
Koha item type Books
Holdings
Lost status Source of classification or shelving scheme Damaged status Not for loan Collection code Permanent Location Current Location Shelving location Date acquired Source of acquisition Cost, normal purchase price Total Checkouts Full call number Date last seen Date checked out Copy number Koha item type
  Dewey Decimal Classification     Non-fiction Central Library, University of Rajshahi Central Library, University of Rajshahi   15/10/2005 Paragon Enterprises Dhaka 130.00 1 B 305.80959 SUB 2001 30/07/2019 14/07/2019 C-2 Books
  Dewey Decimal Classification   Not For Loan Non-fiction Central Library, University of Rajshahi Central Library, University of Rajshahi Reading Room 15/10/2005 Paragon Enterprise Ltd.Dhaka. 130.00   B 305.80954 SUB 2001 28/01/2017   C-1 Books